| 000 | 00745nam a2200241 a 4500 | ||
|---|---|---|---|
| 001 | 24617 | ||
| 003 | BD-RJUL | ||
| 005 | 20211209001056.0 | ||
| 008 | 140315t19631958mdu 001 0 eng d | ||
| 035 | _a(BD-RJUL)24686 | ||
| 040 |
_aHIR _dDGW _beng _cBD-RjUL |
||
| 041 | _aeng | ||
| 082 |
_a942 _bMIH 1963 |
||
| 090 |
_aDA688 _b.M5 |
||
| 100 | 1 |
_aMitchell, R. J. _q(Rosamond Joscelyne), _d1902- _975759 |
|
| 245 | 1 | 2 |
_aA history of London life / _cby R.J. Mitchell and M.D.R. Leys |
| 260 |
_aHarmondsworth : _bPenguin, _c1963, c1958 |
||
| 300 |
_a348 p. : _billus. ; _c19 cm |
||
| 504 | _aIncludes index | ||
| 651 | 0 |
_aLondon (England) _xSocial life and customs _975760 |
|
| 700 | 1 |
_aLeys, M. D. R. _q(Mary Dorothy Rose). _975761 |
|
| 942 |
_2ddc _cBK |
||
| 999 |
_c24617 _d24617 |
||